ბათუმის შოთა რუსთაველის სახელმწიფო უნივერსიტეტის ბიბლიოთეკა

Краткий курс математики для экономистов (ბიბ.ჩანაწერი № 36952)

000 -LEADER
fixed length control field 00797nam a2200265Ia 4500
001 - CONTROL NUMBER
control field 2903
003 - CONTROL NUMBER IDENTIFIER
control field GE_BSU
008 - FIXED-LENGTH DATA ELEMENTS--GENERAL INFORMATION
fixed length control field 181216s||||||||xx |||||||||||||| ||und||
020 ## - INTERNATIONAL STANDARD BOOK NUMBER
International Standard Book Number 58622255699
040 ## - CATALOGING SOURCE
Transcribing agency GE_BSU
080 ## - UNIVERSAL DECIMAL CLASSIFICATION NUMBER
Universal Decimal Classification number 510+330.115(075.8)
100 ## - MAIN ENTRY--PERSONAL NAME
Personal name Колесников, A. H.
245 ## - TITLE STATEMENT
Title Краткий курс математики для экономистов
245 ## - TITLE STATEMENT
Remainder of title Учебное пособие
245 ## - TITLE STATEMENT
Statement of responsibility, etc. ред. И.В. Мартынова
260 ## - PUBLICATION, DISTRIBUTION, ETC.
Place of publication, distribution, etc. Москва
260 ## - PUBLICATION, DISTRIBUTION, ETC.
Name of publisher, distributor, etc. ИНФРА-М
260 ## - PUBLICATION, DISTRIBUTION, ETC.
Date of publication, distribution, etc. 1997
300 ## - PHYSICAL DESCRIPTION
Extent 208 с. 21 см.
653 ## - INDEX TERM--UNCONTROLLED
Uncontrolled term Краткий курс математики для экономистов
653 ## - INDEX TERM--UNCONTROLLED
Uncontrolled term Математика
653 ## - INDEX TERM--UNCONTROLLED
Uncontrolled term მათემატიკა
942 ## - ADDED ENTRY ELEMENTS (KOHA)
Koha item type წიგნი
ეგზემპლარები
Withdrawn status Lost status Damaged status Not for loan Date acquired Barcode Date last seen Price effective from Koha item type Public note
        2018-12-17 7859 2018-12-17 2018-12-17 წიგნი დარბაზი
        2018-12-17 7860 2018-12-17 2018-12-17 წიგნი დარბაზი
        2018-12-17 8084 2018-12-17 2018-12-17 წიგნი დარბაზი
        2018-12-17 8085 2018-12-17 2018-12-17 წიგნი დარბაზი
        2018-12-17 8086 2018-12-17 2018-12-17 წიგნი დარბაზი